00526nam a2200169Ia 4500003000900000008004100009040001600050080001700066100001900083245005000102260004900152300001000201500006600211650004100277650002000318650001800338IN-BaIIA211028s9999 xx 000 0 eng d cIIA Library a52-77bKUN-1 aKundu, Mukul R 0aSolar radio astronomybvol. 1cMukul R. Kundu aMichiganbUniversity of Michigan Pressc1964 a370p. aDonated by Ch. V. Sastry  aAstronomy and Astrophysics Thesaurus aRadio Astronomy aSolar Physics